000
00240 a2200097 4500
245
_a
English II Guide 1
_h
Text
100
_a
University of South Africa
650
_a
ENGLISH LANGUAGE RHETORIC
005
20191017172811.0
260
_a
South Africa
_b
UNISA
084
_a
NONE
999
_c
9387
_d
9387